01084cam a2200241 45000010005000000030008000050050017000130080041000300350018000710400034000890410008001230820017001312450284001482600073004323000041005054900071005465040029006176500043006466500032006897100038007218300011007598300072007703081BD-RjUL20211208233654.0131218s1965 enkab b 000 0 eng d a(BD-RjUL)3115 aDLCcDLCdDLCd(BD-RjUL)beng aeng00a630.942bAGR00aAgricultural geography I.G.U. symposium:ba report on the excursions associated with the Agricultural Geography Symposium held in Liverpool and Nottingham July 1964 as part of the programme of the Twentieth International Geographical Congress /cInternational Geographical Union. aLiverpool,bUniversity of Liverpool (Department of Geography),c1965 a[4], 114 p.billus., maps. ;c23 cm.1 aDept. of Geography. University of Liverpool. Research paper, no. 5 aIncludes bibliographies. 0aAgricultural geographyzGreat Britain. 0aAgriculturezGreat Britain. aInternational Geographical Union. 0vno. 5. 0aResearch paper (University of Liverpool. Department of Geography) ;